000 00260nam a2200109Ia 4500
008 210107s9999 xx 000 0 und d
100 _aUbarov, E B
245 2 _aA Dictionary of Science
260 _aHarmondsworth
_bPenguin Books
300 _a488
942 _cBK
999 _c11307
_d11307